|
|
|
|
| LEADER |
00000nam a22000005a 4500 |
| 001 |
vtls008159790 |
| 003 |
SK-MaSNL |
| 005 |
20260224204007.0 |
| 008 |
050613s2005 xo r 000 0 slo |
| 020 |
|
|
|c (cen. skup.)
|
| 040 |
|
|
|a SNK
|b slo
|c SNK
|e AACR2
|
| 041 |
0 |
|
|a slo
|
| 044 |
|
|
|a xo
|c SK
|
| 046 |
|
|
|a s
|
| 084 |
|
|
|a 35.260.10
|2 ICS
|
| 084 |
|
|
|a 35.020
|2 ICS
|
| 245 |
1 |
|
|a STN EN 60950/Z1 Bezpečnosť zariadení informačných technológií. Zmena 1
|
| 250 |
|
|
|a [1. vyd.]
|
| 260 |
|
|
|a Bratislava
|b Slovenský ústav technickej normalizácie
|c 2005
|
| 540 |
|
|
|a Normy sa podľa zákona č. 264/1999 Z. z. nesmú kopírovať
|
| 999 |
|
|
|c 1163322
|d 1165252
|
| 952 |
|
|
|a SNK
|b SNK
|y NEVYP
|7 1
|p 17A0472641
|o snkSTN EN 60950/Z1
|i snk2005/10121
|8 3
|g 0.93
|0 0
|1 0
|4 0
|d 2005-06-13
|l 0
|r 2026-02-24 20:40:07
|w 2026-02-24
|
| 952 |
|
|
|a SNK
|b SNK
|y PREZ
|7 0
|p 17A0522889
|o snkSTN EN 60950/Z1 D1
|i snk2006/19765
|8 0
|0 0
|1 0
|4 0
|d 2006-10-04
|l 0
|r 2026-02-24 20:40:07
|w 2026-02-24
|